Avtomatizacija statističeskogo analiza dannych : Pakety prikladnych programm /

Salvato in:
Dettagli Bibliografici
Autore principale: Košejev, V.A (Autore)
Natura: Libro
Lingua:russo
Pubblicazione: Moskva : Nauka, 1988
Tags: Aggiungi Tag
Nessun Tag, puoi essere il primo ad aggiungerne!!

MARC

LEADER 00000nam a22000003a 4500
001 stu3184
005 20150617225619.7
008 930301s1988----xxr-----------------rus-d
040 |a STU  |b slo 
041 0 |a rus 
044 |a xxr 
080 |a 519.23 
080 |a 519.688  |7 stu_us_auth*stu10069 
100 1 |a Košejev, V.A  |4 aut 
245 1 |a Avtomatizacija statističeskogo analiza dannych :  |b Pakety prikladnych programm /  |c [aut.] Košejev,V.A 
260 |a Moskva :  |b Nauka,  |c 1988 
300 |a 230 s 
996 |b E67780  |c E*67780  |l EE03  |s P  |a 0  |w stu3184_0001